000 01172nas a22001937a 4500
007 ta
008 230602e20230602xxk||||o |||| 00| 0 eng d
041 _aeng
110 _94900
_aRoyal Institution of Chartered Surveyors
245 _aRICS comment on the House of Lords debate of c 213 of the Levelling Up and Regeneration Bill
260 _bRICS,
_c1 June 2023
520 _aThe Levelling Up and Regeneration Bill (LURB) has continued its passage through the parliamentary process, and on Monday 22 May, it was debated in the UK House of Lords. RICS has engaged closely with its membership and stakeholders to input expert advice on many aspects of the Bill, (such as planning, compulsory purchase and infrastructure financing) and we continue to support the Government on its levelling up aims at this crucial time for the UK economy.
650 _aLEVELLING UP AND REGENRATION BILL
650 _aRICS
650 _aSURVEYING PROFESSION
651 _aUnited Kingdom
710 _94900
_aRoyal Institution of Chartered Surveyors
856 _uhttps://www.rics.org/news-insights/rics-comment-house-of-lords-debate-c213-levelling-up-regeneration-bill
_zView on RICS.org
999 _c121533
_d121533